| 000 | 00476nam a22001817a 4500 | ||
|---|---|---|---|
| 003 | CEME | ||
| 005 | 20210628202848.0 | ||
| 008 | 210126b xxu||||| |||| 00| 0 eng d | ||
| 020 | _a81-219-1779-4 | ||
| 040 | _c. | ||
| 082 | _a621.381535 SAR | ||
| 100 |
_aSarkar , Subir .Kumar _962009 |
||
| 245 | _aOperation amplifiers and their applications | ||
| 260 |
_aNEW DELHI _bS.CHAND _c2003 |
||
| 300 | _aVIII,440 P | ||
| 650 |
_aOPERATION AMPLIFIERS _962010 |
||
| 942 |
_cBK _2ddc |
||
| 999 |
_c571260 _d571260 |
||